| 000 | 00953nas a2200301 4500 | ||
|---|---|---|---|
| 001 | BR9000278 | ||
| 003 | BR-BrBNA | ||
| 005 | 20231205091758.0 | ||
| 007 | ta | ||
| 008 | 230509b bl.|||p| |||| 00| 00por d | ||
| 040 |
_aBR-BrBNA _bpor _cBiblioteca Nacional de Agricultura |
||
| 041 | _a(Pt) | ||
| 072 | _aL53 | ||
| 100 | 1 | _aOba, E. | |
| 100 | 1 | _aKohayagawa, A. | |
| 100 | 1 | _aRamos, A. de A. | |
| 100 | 1 | _aDefine, R.M. | |
| 245 | 1 | _aAvaliacao das caracteristicas quimicas do semen de bovinos nelore: teores de sodio e potassio | |
| 246 | 1 | _aEvaluation of chemical characteristics in the semen of nelore sires: values of sodium and potassium | |
| 650 | _aGADO DE CORTE | ||
| 650 | _aSEMEN | ||
| 650 | _aSODIO | ||
| 650 | _aPOTASSIO | ||
| 650 | _aPH | ||
| 773 | 0 |
_tPesquisa Agropecuaria Brasileira (Brazil) _xISSN 0100-204X _g(Jan 1989), v. 24(1) p. 31-35 _wBR9000278 |
|
| 909 |
_a202311 _bLúcia _c55 _dLúcia Elande |
||
| 942 |
_2AGRIS _n0 _cANA |
||
| 999 |
_c127279 _d127279 |
||